000 00427nam a2200193Ia 4500
008 210210b1923 xxu||||| |||| 00| 0 eng d
041 _aeng
082 _a580/16
100 _aBOWER (F O)
245 _aBotany of the living plant
260 _aLondon
_bMacmillan & Co. Ltd.
_c1923
650 _athe
650 _aplant
650 _aof
650 _aliving
650 _aBotany
690 _aBotany
906 _a010285
999 _c138053
_d138053